Elementary principles of chemical processes (Record no. 25348)

000 -LEADER
fixed length control field 00647nam a2200217 a 4500
001 - CONTROL NUMBER
control field 25348
003 - CONTROL NUMBER IDENTIFIER
control field BD-DhUET
008 - FIXED-LENGTH DATA ELEMENTS--GENERAL INFORMATION
fixed length control field 850517s1986 nyua b 001 0 eng
040 ## - CATALOGING SOURCE
Original cataloging agency DLC
Transcribing agency DLC
Modifying agency BD-DhUET
082 00 - DEWEY DECIMAL CLASSIFICATION NUMBER
Classification number 660.284
Item number FEL/1986
100 ## - MAIN ENTRY--PERSONAL NAME
Personal name Felder, Richard M.
245 10 - TITLE STATEMENT
Title Elementary principles of chemical processes
250 ## - EDITION STATEMENT
Edition statement 2nd ed.
260 ## - PUBLICATION, DISTRIBUTION, ETC. (IMPRINT)
Place of publication, distribution, etc. New York
Name of publisher, distributor, etc. John Wiley & Sons
Date of publication, distribution, etc. 1986
300 ## - PHYSICAL DESCRIPTION
Extent xix, 668 p.
Other physical details ill.
Dimensions 25 cm.
490 ## - SERIES STATEMENT
Series statement Wiley series in chemical engineering
504 ## - BIBLIOGRAPHY, ETC. NOTE
Bibliography, etc Includes bibliographies
650 #0 - SUBJECT ADDED ENTRY--TOPICAL TERM
Topical term or geographic name as entry element Chemical processes, Pressure, Temperature, Energy
700 ## - ADDED ENTRY--PERSONAL NAME
Personal name Rousseau, Ronald W.
942 ## - ADDED ENTRY ELEMENTS (KOHA)
Koha item type General Book
Holdings
Koha issues (times borrowed) Damaged status Koha normalized classification for sorting Koha full call number Koha item type Not for loan Withdrawn status Koha date last seen Location (home branch) Koha date last borrowed Piece designation (barcode) Lost status Shelving location Copy number Source of classification or shelving scheme Price effective from Sublocation or collection (holding branch) Date acquired
1 660_284000000000000_FEL_1986660.284/FEL/1986General Book  2022-11-22Central Library, BUET2022-11-2170553 Circulation section1 2015-05-14Central Library, BUET2015-05-14
1 660_284000000000000_FEL_1986660.284/FEL/1986General Book  2017-12-13Central Library, BUET2017-10-1670552 Circulation section2 2015-05-14Central Library, BUET2015-05-14
  660_284000000000000_FEL_1986660.284/FEL/1986Reading Item  2015-06-20Central Library, BUET 68089 Reading section3 2015-06-20Central Library, BUET2015-06-20
  660_284000000000000_FEL_1986660.284/FEL/1986Reading Item  2015-06-20Central Library, BUET 68090 Reading section4 2015-06-20Central Library, BUET2015-06-20
  660_284000000000000_FEL_1986660.284/FEL/1986Reading Item  2015-06-20Central Library, BUET 68092 Reading section5 2015-06-20Central Library, BUET2015-06-20
  660_284000000000000_FEL_1986660.284/FEL/1986Reading Item  2015-06-30Central Library, BUET 68091 Reading section6 2015-06-30Central Library, BUET2015-06-30